000 01211nam a2200325 a 4500
001 000112162
003 CHAP
005 20220329144248.0
008 151210s2015 mx a fsm |||||||spa d
010 _a108623
011 _a109595
040 _cCHAP
090 _aTesis
100 1 _aCuevas Farfán, Jorge Rafael
_9130318
245 1 0 _aDetección y transmisión de geminivirus (Begomovirus) en el cultivo de chile (Capsicum annuum L.) en el norte de Sinaloa
_h[En línea]
_cpor Jorge Rafael Cuevas Farfán.
260 _aChapingo, Méx. :
_bEl autor,
_c2015.
500 _aPara ver el contenido del material haga clic en la liga
502 _aTesis (Ing. Agr. Esp. en Parasitología Agrícola) -- UACH. Departamento de Parasitología Agrícola
590 _aE5995AHE
_b05
_c20151210
_lUCH01
_h0851
590 _aE5995AHE
_b05
_c20151210
_lUCH01
_h0851
590 _aE5995AHE
_b05
_c20151210
_lUCH01
_h0911
650 1 4 _aBemisia tabaci.
_911496
650 1 4 _aChile (Botánica)
_xSinaloa.
_922390
650 1 4 _aGeminivirus.
_947430
650 1 4 _aPlantas hospederas.
_989004
856 _aFinding aid
_uhttp://10.13.5.2/tesis/sist112162.pdf
_zTeclea aquí
901 _aBK
942 _cTESIS
942 _n0
999 _c108623
_d108623